000 00834nam a22002537a 4500
999 _c13021
_d13021
003 AR-CdUCM
008 190411b ||||| |||| 00| 0 spa d
040 _aMUNICIPALIDAD PROVINCIAL DEL CUSCO
_cBIBLIOTECA MUNICIPAL DEL CUSCO
082 _a869.508 /
_bP19 / 1974
100 _aPalma, Clemente
_923449
245 _aCuentos Malévolos /
260 _aLima :
_bEdiciones PEISA,
_c1974.
300 _a187 páginas ;
_c17 cm.
440 _aBiblioteca Peruana.
_911247
505 _aContenido: Cuentos.
650 _aLiteratura Peruana
_9132
650 _aSiglo XX
_98
650 _aCuentos
_9217
700 _aTamayo Vargas, Augusto (presentación)
_931045
700 _aUnamuno, Miguel de (prólogo)
_931046
710 _aGobierno Revolucionario del Perú (auspicio).
_931040
942 _2ddc
_cLIBROS
945 _aachl
_d2019-04-11